SCIENTIFIC CULTIVATION OF VEGETABLES (Record no. 5546)

MARC details
000 -LEADER
fixed length control field 00401nam a22001577a 4500
005 - DATE AND TIME OF LATEST TRANSACTION
control field 20170909110816.0
008 - FIXED-LENGTH DATA ELEMENTS--GENERAL INFORMATION
fixed length control field 170909b xxu||||| |||| 00| 0 eng d
020 ## - INTERNATIONAL STANDARD BOOK NUMBER
ISBN 978-81-272-4363-0
041 ## - LANGUAGE CODE
Language code of text/sound track or separate title eng
082 ## - DEWEY DECIMAL CLASSIFICATION NUMBER
Classification number 631.5
100 ## - MAIN ENTRY--AUTHOR NAME
Personal name RANA, M.K.
245 ## - TITLE STATEMENT
Title SCIENTIFIC CULTIVATION OF VEGETABLES
Statement of responsibility, etc M.K. RANA
260 ## - PUBLICATION, DISTRIBUTION, ETC. (IMPRINT)
Place of publication LUDHIYANA
Name of publisher KALYANI PUBLISHERS
Year of publication 2008
300 ## - PHYSICAL DESCRIPTION
Number of Pages 470p.
942 ## - ADDED ENTRY ELEMENTS (KOHA)
Koha item type Books
Holdings
Lost status Damaged status Collection code Home library Current library Shelving location Date acquired Source of acquisition Cost, normal purchase price Full call number Accession Number Koha item type
    AGRICULTURE JRU Library JRU Library SHELF-45-C 09/09/2017 PURCHESS 295.00 631.5 21867 Books
    AGRICULTURE JRU Library JRU Library SHELF-45-C 09/09/2017 PURCHESS 295.00 631.5 21868 Books
    AGRICULTURE JRU Library JRU Library SHELF-45-C 09/09/2017 PURCHESS 295.00 631.5 21869 Books
    AGRICULTURE JRU Library JRU Library SHELF-45-C 09/09/2017 PURCHESS 295.00 631.5 21870 Books
    AGRICULTURE JRU Library JRU Library SHELF-45-C 09/09/2017 PURCHESS 295.00 631.5 21871 Books